Ms Marvel Characters Quiz - Statistics

General Stats
  • This quiz has been taken 75 times
    51 since last reset
  • The average score is 12 of 25
Answer Stats
Hint Answer % Correct
Above’s name Kamala Khan
92%
Teenage hero Ms Marvel
92%
Kamala’s hero Captain Marvel
82%
Kamala’s best friend Bruno Carrelli
79%
Kamala’s brother Aamir Khan
76%
Kamala’s crush Kamran
76%
Above’s real name Carol Danvers
74%
Kamala’s great-grandmother Aisha
71%
Kamala’s given superhero name Nightlight
58%
Kamala’s father Yusuf Khan
58%
Kamala’s mother Muneeba Khan
55%
Kamala’s other friend Nakia Bahadir
53%
Social media influencer Zoe Zimmer
53%
Owns the mantle of the Red Dagger Kareem
45%
Kamran’s mother and member of Clan Destine Najma
34%
Kamala’s grandmother Sana Ali
26%
Leader of the Red Daggers Waleed
26%
Damage Control Agent Agent Cleary
21%
Damage Control Agent Agent Sadie Deever
21%
Aamir’s fiancé Tyesha Hillman
21%
Aisha’s husband Hasan
18%
Member of Clan Destine Fariha
13%
Counsellor Gabe Wilson
13%
Member of Clan Destine Aadam
11%
Member of Clan Destine Saleem
8%
No matching quizzes found
Score Distribution
Percent of People with Each Score
Percentile by Number Answered
Your Score History
You have not taken this quiz since the last reset